HANDBOOK OF STRUCTURED FINANCIAL PRODUCT (Record no. 11214)
[ view plain ]
| 000 -LEADER | |
|---|---|
| fixed length control field | 00357nam a2200133Ia 4500 |
| 008 - FIXED-LENGTH DATA ELEMENTS--GENERAL INFORMATION | |
| fixed length control field | 240624s9999 xx 000 0 und d |
| 041 ## - LANGUAGE CODE | |
| Language code of text/sound track or separate title | eng |
| 082 ## - DEWEY DECIMAL CLASSIFICATION NUMBER | |
| Classification number | 332.63 FAB |
| 100 ## - MAIN ENTRY--PERSONAL NAME | |
| Personal name | FABOZZI FRANK J |
| 245 ## - TITLE STATEMENT | |
| Title | HANDBOOK OF STRUCTURED FINANCIAL PRODUCT |
| 260 ## - PUBLICATION, DISTRIBUTION, ETC. | |
| Date of publication, distribution, etc. | 1998 |
| Place of publication, distribution, etc. | Pennsylvania |
| Name of publisher, distributor, etc. | John Wiley and Sons |
| 300 ## - PHYSICAL DESCRIPTION | |
| Extent | 530 : p. : cm. ; 24 |
| 365 ## - TRADE PRICE | |
| Currency code | |
| Price amount | 30 |
| Withdrawn status | Lost status | Damaged status | Not for loan | Home library | Current library | Shelving location | Date acquired | Source of acquisition | Cost, normal purchase price | Total Holds | Full call number | Barcode | Date last seen | Copy number | Price effective from | Koha item type |
|---|---|---|---|---|---|---|---|---|---|---|---|---|---|---|---|---|
| IMTN | IMTN | Rack 11-A | 10/15/2008 | BWE | 109.95 | 4875 | 332.63 FAB | 11214 | 06/24/2024 | 48 | 06/24/2024 | Books |